| 000 | 01257nam a2200265 a 4500 | ||
|---|---|---|---|
| 005 | 20200104041759.0 | ||
| 008 | 170914s2015 ck ab|||r|||| 00| 0 spa d | ||
| 040 |
_aCO-BoIAVH _cCO-BoIAVH |
||
| 041 | 1 |
_aeng _hspa |
|
| 044 | _ack | ||
| 082 | 0 | 4 |
_a333.910986 _bC71a2 |
| 245 | 0 | 0 |
_aAmphibian Colombia : _bA country of wetlands / _ceditado por Úrsula Jaramillo Villa, Jimena Cortés-Duque y Carlos Flórez Ayala |
| 260 |
_aBogotá (Colombia) : _bInstituto de Investigación de Recursos Biológicos Alexander von Humboldt, _c2015. |
||
| 300 |
_a32 páginas : _bilustraciones a color y mapas ; _c32 x 24 cm. |
||
| 504 | _aIncluye referencias bibliográficas. | ||
| 534 |
_pEs un compendio de los apartados mas importantes de la publicación original. _tColombia Anfibia : Un país de humedales. Volumen I. |
||
| 650 | 2 | 4 | _aHumedales continentales |
| 650 | 2 | 4 |
_aHumedales _xidentificación _zColombia |
| 650 | 2 | 4 |
_aHumedales _xGestión ambiental _zColombia |
| 700 | 1 |
_aJaramillo Villa, Úrsula _eeditora |
|
| 700 | 1 |
_aFlórez-Ayala, Carlos _eeditor |
|
| 700 | 1 |
_aCortés-Duque, Jimena _eeditora |
|
| 710 | 2 | _aInstituto de Investigación de Recursos Biológicos Alexander von Humboldt | |
| 942 |
_2ddc _cLIBRO |
||
| 999 |
_c19820 _d19820 |
||